000 00245nam a2200097Ia 4500
001 749702
005 20250826164439.0
008 250824s9999 xx 000 0 und d
245 0 _aYÜCE ALLAH HAYAT VERENDİR
_cANONİM
260 _bKARATAY YAYINLARI
999 _c749702
_d749702